LEADER 01009cam a2200265 a 4500 001 991001883719707536 008 121114s2001 enka b 001 0ceng d 020 $a9780195173246 (pbk.) 035 $ab14086281-39ule_inst 040 $aDip.to Fisica$beng 082 00$a530/.092/2$aB$221 084 $aLC QC15 084 $a53(092) 100 1 $aCropper, William H.$0547 245 10$aGreat physicists :$bthe life and times of leading physicists from Galileo to Hawking /$cWilliam H. Cropper 260 $aOxford ;$aNew York :$bOxford University Press,$c2001 300 $axii, 500 p. :$bill. ;$c26 cm 504 $aIncludes bibliographical references and index 650 4$aPhysicists$vBiography 907 $a.b14086281$b28-01-14$c14-11-12 912 $a991001883719707536 945 $aLE006 53(08+092) CRO$g1$i2006000167765$lle006$op$pE18.63$q-$rl$s- $t0$u1$v0$w1$x0$y.i15458428$z14-11-12 996 $aGreat physicists$9240957 997 $aUNISALENTO 998 $ale006$b14-11-12$cm$da $e-$feng$genk$h0$i0